Normal view
MARC view
Entry Personal Name
001 - CONTROL NUMBER
- control field: 49137
003 - CONTROL NUMBER IDENTIFIER
- control field: dpl
005 - DATE AND TIME OF LATEST TRANSACTION
- control field: 20120615113659.0
008 - FIXED-LENGTH DATA ELEMENTS
- fixed length control field: 120615|||a|||||| | ||| d
040 ## - CATALOGING SOURCE
- Original cataloging agency: dpl
- Transcribing agency: dpl
100 ## - HEADING--PERSONAL NAME
- Personal name: Oman, John Campbell
670 ## - SOURCE DATA FOUND
- Source citation: Work cat.: (dpl): Oman, John Campbell, Religious festivals and caste system in India during 19th century /, 2003
670 ## - SOURCE DATA FOUND
- Source citation: Work cat.: (dpl): Oman, John Campbell, Religious festivals and caste system in India during 19th century /, 2003
